000 01088nam a2200325 4500
001 0000019234
003 CO-CtgCURN
005 20250331184735.0
007 ta
008 160627s1999 000 0 eng d
020 _a9701504267
040 _aCO-CtgCURN
_bspa
_ccoctgcurn
082 0 _a531
_bB35p
100 1 _aBenguria D., Rafael.
245 1 0 _aProblemas resueltos de mecanica clásica /
_cRafael Benguria D. , María Cristina Depassier T.
250 _a2a ed.
260 _aMexico :
_bAlfaomega,
_c1999.
300 _a177 p.
336 _2rdacontent
337 _2rdamedia
_asin mediacion
_bn
338 _2rdacarrier
_avolumen
_bnc
490 1 _aAlfaomega ;
_v426
505 8 _aCinematica.--Dinamica.--Energia y trabajo.--Conservacion de momentum y colisiones.--Gravedad.--Dinamica de solido rigido.--Oscilaciones
650 1 4 _aMecanica
_vProblemas, ejercicios, etc.
650 1 4 _aMecanica.
700 1 _aDepassier, María Cristina.
908 _a160627
942 _cBK
_h531
_iB35p
_2ddc
999 _c20974
_d20974